| 000 | 00388nam a22001577a 4500 | ||
|---|---|---|---|
| 003 | OSt | ||
| 008 | 220614b ||||| |||| 00| 0 eng d | ||
| 020 | _a978-9354248481 | ||
| 082 | _a005.12 GOD | ||
| 100 | _a GOODRICH, Michael T. | ||
| 245 | _aDesign and Analysis of Algorithms | ||
| 260 |
_aNew Delhi _bWiley _c2021 |
||
| 300 | _a602 | ||
| 700 | _a TAMASSIA, Roberto | ||
| 942 |
_2ddc _cBK |
||
| 999 |
_c11355 _d11355 |
||